| 000 | 00456nam a22001817a 4500 | ||
|---|---|---|---|
| 003 | CEME | ||
| 005 | 20210628202733.0 | ||
| 008 | 210127b xxu||||| |||| 00| 0 eng d | ||
| 020 | _a81-203-2168-5 | ||
| 040 | _c. | ||
| 082 | _a621.462 KRI | ||
| 100 |
_aKrishnan, R _961346 |
||
| 245 | _aElectric motor drives | ||
| 260 |
_bPRENTICE HALL OF INDIA _c2003 |
||
| 300 | _aXXVIII,628P | ||
| 650 |
_aMODELING, ANALYSIS AND CONTROL _961347 |
||
| 942 |
_cBK _2ddc |
||
| 999 |
_c570831 _d570831 |
||